000 00615cam a22002171 4500
001 000020037
005 20240904103801.0
008 751003s1959 mx a j 000 0 spa
010 _a60024373
035 _a(OCoLC)1672815
040 _aDO-SdBNP
_cFM
_dDLC
042 _apremarc
050 0 0 _aPR4034.P7
_bS6
100 1 _aAusten, Jane,
_d1775-1817
_938178
245 1 0 _aOrgullo y prejuicio. /
_cIntrod. de Carlos Fuentes.
250 _a[1. ed.]
260 _aBarcelona, :
_bEl Siglo,
_c1959.
300 _a364 p. :
_billus. ;
_c18 cm.
490 0 _aNuestros clasicos,
_v8
910 _aCatalogación derivada / LC
999 _c19549
_d19549